00610nam a2200169 a 450000100100000000500170001000800410002704000250006808200180009310000220011124500870013326000460022030000260026604900090029295201220030199900170042300002407420200930022709.0110118s1967 enk r 000 0 eng d aDO-SdBNPbspacBNPHU axxxxxxbM466g1 aMay, D. J.94946310aGuide to advanced and literary comprehension and appreciation pieces /cD. J. May. aLondres :bOxford uniersity Press,c1967. av, 102 p. ;c18.5 cm. aBNGR 001054708MOaGRbGRcCTd2011-01-18iLF1l0oxxxxxx M466gp24074-10r2020-06-25w2020-06-25y4ZPréstamo en sala c23569d23569